| 000 | 00660nam a22002177a 4500 | ||
|---|---|---|---|
| 003 | BUBTL | ||
| 008 | 221210b ||||| |||| 00| 0 eng d | ||
| 020 | _a9780230243200 | ||
| 082 | _a823.5/ M3521d/ 2011 | ||
| 100 |
_95042 _aMarsh, Nicholas |
||
| 245 |
_aDanial Defoe: The Novels / _cNicholas Marsh |
||
| 250 | _a1st Edn. | ||
| 260 |
_aLondon: _bPalgrave, _cc2011 |
||
| 300 |
_axi,245 p.: _c22 cm. |
||
| 500 | _aIncludes Index | ||
| 505 | _aDanial Defoe, Danial Defoe: The Novels, Nicholas Marsh, English, English Literature | ||
| 650 | 0 |
_91994 _aEnglish Literature |
|
| 856 |
_k0 _l0 _yDownload |
||
| 942 |
_2ddc _cBK |
||
| 999 |
_c6860 _d6860 |
||